| 000 | 00614nam a2200217 a 4500 | ||
|---|---|---|---|
| 001 | 14199 | ||
| 003 | BD-JhCC | ||
| 005 | 20250212162736.0 | ||
| 008 | 250209b2012 e a|||| ||a| 000 0 eng d | ||
| 035 | _a(BD-JhCC)14199 | ||
| 040 |
_aBD-JhCC _dBD-JhCC |
||
| 041 | _aenglish | ||
| 082 |
_a158.1 _bELR 2012 |
||
| 100 | _aElrod ,Hal | ||
| 245 |
_aThe Miracle Morning : _bThe Not-So-Obvious Secret Guaranteed to Transform Your Life Before 8AM / _cHal Elrod . |
||
| 260 |
_a New York: _bBloomsbury; _c2012. |
||
| 300 |
_a188 p . _c21 cm. |
||
| 650 | _aSelf-help and meditation | ||
| 942 |
_2ddc _cBK |
||
| 999 |
_c14199 _d14199 |
||